Hướng dẫn sử dụng Flash 5.0
Nội dung giới thiệu tổng quan về Flash 5, các công cụ vẽ, bài tập. Tổng quan về chế độ màu vẽ, làm việc với các đối tượng, các dùng ảnh nhập vào, cách dùng layer...
Na minha lista:
| Autor principal: | |
|---|---|
| Formato: | Livro |
| Idioma: | Undetermined |
| Publicado em: |
Hà Nội
Thống Kê
2001
|
| Assuntos: | |
| Tags: |
Adicionar Tag
Sem tags, seja o primeiro a adicionar uma tag!
|
| Thư viện lưu trữ: | Trung tâm Học liệu Trường Đại học Cần Thơ |
|---|
| LEADER | 00836nam a2200181Ia 4500 | ||
|---|---|---|---|
| 001 | CTU_48283 | ||
| 008 | 210402s9999 xx 000 0 und d | ||
| 082 | |a 006.696 | ||
| 082 | |b H523 | ||
| 100 | |a Phạm, Quang Huy | ||
| 245 | 0 | |a Hướng dẫn sử dụng Flash 5.0 | |
| 245 | 0 | |c Phạm Quang Huy, Hồ Chí Hòa, Phạm Quang Hiển | |
| 260 | |a Hà Nội | ||
| 260 | |b Thống Kê | ||
| 260 | |c 2001 | ||
| 520 | |a Nội dung giới thiệu tổng quan về Flash 5, các công cụ vẽ, bài tập. Tổng quan về chế độ màu vẽ, làm việc với các đối tượng, các dùng ảnh nhập vào, cách dùng layer... | ||
| 650 | |a Flash (Computer program),Flash (chương trình máy tính) | ||
| 980 | |a Trung tâm Học liệu Trường Đại học Cần Thơ | ||